उर्दू - हिन्दी शब्दकोश (Record no. 914396)

MARC details
000 -LEADER
fixed length control field 01002nam a2200265Ia 4500
003 - CONTROL NUMBER IDENTIFIER
control field OSt
005 - DATE AND TIME OF LATEST TRANSACTION
control field 20221002050339.0
008 - FIXED-LENGTH DATA ELEMENTS--GENERAL INFORMATION
fixed length control field 220930b |||||||| |||| 00| 0 urd d
020 ## - INTERNATIONAL STANDARD BOOK NUMBER
International Standard Book Number 9789381582510 (hbk)
037 ## - SOURCE OF ACQUISITION
Terms of availability Reference Collections
040 ## - CATALOGING SOURCE
Original cataloging agency CRL
Transcribing agency CRL
Language of cataloging urh
041 ## - LANGUAGE CODE
Source of code urh
Language code of text/sound track or separate title urh
100 ## - MAIN ENTRY--PERSONAL NAME
Personal name उस्मानी, सज्जाद, ले.
245 #0 - TITLE STATEMENT
Title उर्दू - हिन्दी शब्दकोश
246 ## - VARYING FORM OF TITLE
Title proper/short title Translated from Urdu to Hindi
260 ## - PUBLICATION, DISTRIBUTION, ETC.
Place of publication, distribution, etc. दिल्ली
Name of publisher, distributor, etc. स्वराज प्रकाशन
Date of publication, distribution, etc. 2013
300 ## - PHYSICAL DESCRIPTION
Extent 863पृ0
Dimensions cm.
650 ## - SUBJECT ADDED ENTRY--TOPICAL TERM
Topical term or geographic name entry element उर्दू हिन्दी शब्दकोश
9 (RLIN) 571213
942 ## - ADDED ENTRY ELEMENTS (KOHA)
Classification part P168:4k, 152P3;Q3(RR)
Koha item type
Source of classification or shelving scheme Colon Classification (CC)
Holdings
Withdrawn status Lost status Damaged status Not for loan Home library Current library Date acquired Source of acquisition Total Checkouts Full call number Barcode Date last seen Price effective from Koha item type
        Central Library Central Library 2022-10-02 Gift, 06/06/2019,   P168:4k 152P3;Q3(RR) CL1172745 2022-10-02 2022-10-02  
Copyright @ Delhi University Library System